| 000 | 01255cam a2200253 4500 | ||
|---|---|---|---|
| 001 | WB3947-11 | ||
| 008 | 031210n2003 000 0 eng u | ||
| 035 | _a(Sirsi) u124589 | ||
| 245 | _aHousing bill reforms will help the vulnerable | ||
| 260 | _c2003 | ||
| 490 |
_aODPM News Release _v(2003/0260) 8 December 2003 (5) |
||
| 520 | _aThe Housing Bill was introduced into Parliament on the 8 December, with the aim to help the most vulnerable in the private sector, to strengthen the housing market and to help the government to meet it's 2010 decent homes target. Included in the bill are a number of reforms including, selective licensing, licensing of houses in multiple occupation, housing health and safety, home information packs, right to buy changes, a social housing ombudsman for Wales and grants for social housing. The news release can be viewed at http://www.odpm.gov.uk/pns/DisplayPN.cgi?pn_id=2003_0260. | ||
| 590 | _aWB | ||
| 650 | _aHOUSING BILL | ||
| 650 | _aSELECTIVE LICENSING | ||
| 650 | _aHOUSES IN MULTIPLE OCCUPATION | ||
| 650 |
_aHEALTH AND SAFETY _96244 |
||
| 650 | _aHOME INFORMATION PACKS | ||
| 650 | _aRIGHT TO BUY | ||
| 650 | _aOMBUDSMAN | ||
| 650 | _aSOCIAL HOUSING GRANTS | ||
| 690 | _aLAW-UK | ||
| 942 | _n0 | ||
| 999 |
_c73937 _d73937 |
||